000 00377nam a22001577a 4500
003 OSt
005 20210923092759.0
008 210923b |||||||| |||| 00| 0 eng d
020 _a013059198
040 _aHU
_cDDC
082 _a320.951
245 _aCONTEMPORARY CHINESE POLITICS
260 _aJAPAN
_bPRENTICE HALL
_c1995
300 _axviii,319,P,20cm
942 _2ddc
_cBOOKS
_n0
999 _c6129
_d6129